Butane-propane news.

Bibliographic Details
New Title:Butane-propane news
Format: Journal
Language:English
Published: [Los Angeles, Western business papers, inc.], [publisher not identified] ; [1939-Aug. 1969]
Subjects:
Online Availability: Check for online availability

MARC

Tag First Indicator Second Indicator Subfields
LEADER 00000cas a2200000 4500
001 in00000045269
005 20151007071154.0
008 800411d19391969caumr p 0uuua0enge
010 |a  42047081  
022 |a 0007-7259 
035 |a (OCoLC)06190144 
035 |9 AAE5455AM 
040 |a DLC  |c PIT  |d TXA  |d UtOrBLW 
049 |a TXAE 
050 0 0 |a TP761.B8  |b B8 
082 0 |a 665.7 
245 0 0 |a Butane-propane news. 
246 3 |a Butane propane news 
264 1 |a [Los Angeles, Western business papers, inc.],  |b [publisher not identified] ;  |c [1939-Aug. 1969] 
300 |a 31 volumes :  |b illustrations ;  |c 20 cm.  |a monthly. 
336 |a text  |b txt  |2 rdacontent 
337 |a unmediated  |b n  |2 rdamedia 
338 |a volume  |b nc  |2 rdacarrier 
362 0 |a v. 1-31, no. 8. 
515 |a Vol. 2, no. 1-9 called on cover no. 8-16; v. 3, no. 12 called no. 31. 
580 |a Superseded by Butane-propane news edited and published by William W. Clark. 
650 0 |a Butane. 
650 0 |a Propane. 
650 0 |a Gas manufacture and works  |v Periodicals. 
785 1 2 |t Butane-propane news  |x 0007-7259  |w (OCoLC)2445606 
999 |a MARS 
999 f f |s 21704dd3-1e0a-3310-bfbf-993ec477013b  |i e2be695a-1a81-3baa-b043-55d6a3f57171  |t 0 
952 f f |p ric  |a Texas A&M University  |b Rellis Campus  |c Joint Library Facility  |d Remote Storage  |t 0  |e TP761.B8 B8  |h Library of Congress classification  |i unmediated -- volume  |k v.12  |l 1950Jan.-June  |m A14841989610 
952 f f |p ric  |a Texas A&M University  |b Rellis Campus  |c Joint Library Facility  |d Remote Storage  |t 0  |e TP761.B8 B8  |h Library of Congress classification  |i unmediated -- volume  |k v.24  |l 1962  |m A14841989487 
952 f f |p ric  |a Texas A&M University  |b Rellis Campus  |c Joint Library Facility  |d Remote Storage  |t 0  |e TP761.B8 B8  |h Library of Congress classification  |i unmediated -- volume  |k v.29  |l 1967  |m A14841989537 
952 f f |p ric  |a Texas A&M University  |b Rellis Campus  |c Joint Library Facility  |d Remote Storage  |t 0  |e TP761.B8 B8  |h Library of Congress classification  |i unmediated -- volume  |k 15  |l 1953:Jan.-July  |m A14841989362 
952 f f |p ric  |a Texas A&M University  |b Rellis Campus  |c Joint Library Facility  |d Remote Storage  |t 0  |e TP761.B8 B8  |h Library of Congress classification  |i unmediated -- volume  |k v.8  |l 1946:Jan.-June  |m A14841989669 
952 f f |p ric  |a Texas A&M University  |b Rellis Campus  |c Joint Library Facility  |d Remote Storage  |t 0  |e TP761.B8 B8  |h Library of Congress classification  |i unmediated -- volume  |k 16  |l 1954:Jan.-June  |m A14841989388 
952 f f |p ric  |a Texas A&M University  |b Rellis Campus  |c Joint Library Facility  |d Remote Storage  |t 0  |e TP761.B8 B8  |h Library of Congress classification  |i unmediated -- volume  |k v.14  |l 1952:Jan.-June  |m A14841989560 
952 f f |p ric  |a Texas A&M University  |b Rellis Campus  |c Joint Library Facility  |d Remote Storage  |t 0  |e TP761.B8 B8  |h Library of Congress classification  |i unmediated -- volume  |k v.30  |l 1968  |m A14841989529 
952 f f |p ric  |a Texas A&M University  |b Rellis Campus  |c Joint Library Facility  |d Remote Storage  |t 0  |e TP761.B8 B8  |h Library of Congress classification  |i unmediated -- volume  |k v.28  |l 1966  |m A14841989511 
952 f f |p ric  |a Texas A&M University  |b Rellis Campus  |c Joint Library Facility  |d Remote Storage  |t 0  |e TP761.B8 B8  |h Library of Congress classification  |i unmediated -- volume  |k v.31  |l 1969  |m A14841989552 
952 f f |p ric  |a Texas A&M University  |b Rellis Campus  |c Joint Library Facility  |d Remote Storage  |t 0  |e TP761.B8 B8  |h Library of Congress classification  |i unmediated -- volume  |k 17  |l 1955:Jan.-June  |m A14841989404 
952 f f |p ric  |a Texas A&M University  |b Rellis Campus  |c Joint Library Facility  |d Remote Storage  |t 0  |e TP761.B8 B8  |h Library of Congress classification  |i unmediated -- volume  |k v.14  |l 1952:July-Dec.  |m A14841989578 
952 f f |p ric  |a Texas A&M University  |b Rellis Campus  |c Joint Library Facility  |d Remote Storage  |t 0  |e TP761.B8 B8  |h Library of Congress classification  |i unmediated -- volume  |k v.12  |l 1950:July-Dec.  |m A14841989602 
952 f f |p ric  |a Texas A&M University  |b Rellis Campus  |c Joint Library Facility  |d Remote Storage  |t 0  |e TP761.B8 B8  |h Library of Congress classification  |i unmediated -- volume  |k 19  |l 1957  |m A14841989438 
952 f f |p ric  |a Texas A&M University  |b Rellis Campus  |c Joint Library Facility  |d Remote Storage  |t 0  |e TP761.B8 B8  |h Library of Congress classification  |i unmediated -- volume  |l 1947  |m A14841989677 
952 f f |p ric  |a Texas A&M University  |b Rellis Campus  |c Joint Library Facility  |d Remote Storage  |t 0  |e TP761.B8 B8  |h Library of Congress classification  |i unmediated -- volume  |k 16  |l 1954:July-Dec.  |m A14841989396 
952 f f |p ric  |a Texas A&M University  |b Rellis Campus  |c Joint Library Facility  |d Remote Storage  |t 0  |e TP761.B8 B8  |h Library of Congress classification  |i unmediated -- volume  |k 17  |l 1955:July-Dec.  |m A14841989412 
952 f f |p ric  |a Texas A&M University  |b Rellis Campus  |c Joint Library Facility  |d Remote Storage  |t 0  |e TP761.B8 B8  |h Library of Congress classification  |i unmediated -- volume  |k 21  |l 1959  |m A14841989453 
952 f f |p ric  |a Texas A&M University  |b Rellis Campus  |c Joint Library Facility  |d Remote Storage  |t 0  |e TP761.B8 B8  |h Library of Congress classification  |i unmediated -- volume  |k 20  |l 1958  |m A14841989446 
952 f f |p ric  |a Texas A&M University  |b Rellis Campus  |c Joint Library Facility  |d Remote Storage  |t 0  |e TP761.B8 B8  |h Library of Congress classification  |i unmediated -- volume  |k v.13  |l 1951:July-Dec.  |m A14841989586 
952 f f |p ric  |a Texas A&M University  |b Rellis Campus  |c Joint Library Facility  |d Remote Storage  |t 0  |e TP761.B8 B8  |h Library of Congress classification  |i unmediated -- volume  |k v.22  |l 1960  |m A14841989461 
952 f f |p ric  |a Texas A&M University  |b Rellis Campus  |c Joint Library Facility  |d Remote Storage  |t 0  |e TP761.B8 B8  |h Library of Congress classification  |i unmediated -- volume  |k v.13  |l 1951:Jan.-June  |m A14841989594 
952 f f |p ric  |a Texas A&M University  |b Rellis Campus  |c Joint Library Facility  |d Remote Storage  |t 0  |e TP761.B8 B8  |h Library of Congress classification  |i unmediated -- volume  |k v.26  |l 1964  |m A14841989495 
952 f f |p ric  |a Texas A&M University  |b Rellis Campus  |c Joint Library Facility  |d Remote Storage  |t 0  |e TP761.B8 B8  |h Library of Congress classification  |i unmediated -- volume  |k 15  |l 1953:July-Dec.  |m A14841989370 
952 f f |p ric  |a Texas A&M University  |b Rellis Campus  |c Joint Library Facility  |d Remote Storage  |t 0  |e TP761.B8 B8  |h Library of Congress classification  |i unmediated -- volume  |k v.11  |l 1949:Jan.-June  |m A14841989636 
952 f f |p ric  |a Texas A&M University  |b Rellis Campus  |c Joint Library Facility  |d Remote Storage  |t 0  |e TP761.B8 B8  |h Library of Congress classification  |i unmediated -- volume  |l 1948  |m A14841989644 
952 f f |p ric  |a Texas A&M University  |b Rellis Campus  |c Joint Library Facility  |d Remote Storage  |t 0  |e TP761.B8 B8  |h Library of Congress classification  |i unmediated -- volume  |k v.8  |l 1946:July-Dec.  |m A14841989651 
952 f f |p ric  |a Texas A&M University  |b Rellis Campus  |c Joint Library Facility  |d Remote Storage  |t 0  |e TP761.B8 B8  |h Library of Congress classification  |i unmediated -- volume  |k v.27  |l 1965  |m A14841989503 
952 f f |p ric  |a Texas A&M University  |b Rellis Campus  |c Joint Library Facility  |d Remote Storage  |t 0  |e TP761.B8 B8  |h Library of Congress classification  |i unmediated -- volume  |k v.11  |l 1949:July-Dec.  |m A14841989628 
952 f f |p ric  |a Texas A&M University  |b Rellis Campus  |c Joint Library Facility  |d Remote Storage  |t 0  |e TP761.B8 B8  |h Library of Congress classification  |i unmediated -- volume  |k 18  |l 1956  |m A14841989420 
952 f f |p ric  |a Texas A&M University  |b Rellis Campus  |c Joint Library Facility  |d Remote Storage  |t 0  |e TP761.B8 B8  |h Library of Congress classification  |i unmediated -- volume  |k v.25  |l 1963  |m A14841989545 
952 f f |p ric  |a Texas A&M University  |b Rellis Campus  |c Joint Library Facility  |d Remote Storage  |t 0  |e TP761.B8 B8  |h Library of Congress classification  |i unmediated -- volume  |k v.23  |l 1961  |m A14841989479 
998 f f |a TP761.B8 B8  |s v.8 (1946),v.11 (1949)-v.31 (1969)  |t 0  |l Remote Storage